00470nam a2200133 a 450000100100000000500170001000800410002704000250006808200160009311000850010924500790019426000370027330000260031000003215220200930063456.0110713s1991 dr a 000 0 spa d aDO-SdBNPbspacBNPHU axxxxbR426r1 aRepública Dominicana.bInstituto Nacional de Formación Técnico Profesional10aRama técnica :bmaderas y afines familia ocupacional: muebles de madera. aSanto Domingo :bINFOTEP,c1991. a9 p. :bil. ;c20 cm.